000
00298nam a22001337a 4500
008
171104b xxu||||| |||| 00| 0 eng d
020
_a
9780324183443
041
_a
eng
080
_a
330.722.6
100
_a
61
101
_a
KON
245
_a
SURVEY OF ACCOUNTING
_c
WARREN, C.S
942
_2
udc
_c
BK
999
_c
37671
_d
37671